Manga by Out-of-Context Panels I Quiz Stats

 Plays Quiz not verified by Sporcle

Challenge
Share
Tweet
Score 0/5 Timer 01:00
0 Plays Today
# Manga % Correct
4Eyeshield 21
66.3%
5Yamato Nadeshico Shichi Henge
37.9%
2Lucifer and the Biscuit Hammer
10.5%
3Ten
7.4%
1Zettai Karen Children
4.2%

You're not logged in!

Compare scores with friends on all Sporcle quizzes.
OR
Log In

You Might Also Like...

Show Comments

Extras

Created Jul 27, 2010ReportNominate
Tags:manga, panel

Top Quizzes Today


Score Distribution

Your Account Isn't Verified!

In order to create a playlist on Sporcle, you need to verify the email address you used during registration. Go to your Sporcle Settings to finish the process.

Report this User

Report this user for behavior that violates our Community Guidelines.

Details: